Propuesta de manual de Higiene y seguridad ocupacional basado en la legislación vigente (Ley 618), para la empresa Nicaragüense de construcciones ENIC plantel Sébaco, Matagalpa
Presenta el diseño de una propuesta de manual de seguridad e higiene para prevenir eventos no deseados en las áreas de plantel Sébaco basado en la Ley 618. Realiza un mapa de riesgo laboral y plan de emergencia. Establece guías de procedimientos basado en las normativas de la Ley 618 en cuanto a...
| Main Authors: | , , |
|---|---|
| Other Authors: | |
| Format: | Tesis Section = Libro |
| Language: | Undetermined Spanish |
| Published: |
Managua
UNI
2016
|
| Subjects: |
| LEADER | 01511nam a2200289Ia 4500 | ||
|---|---|---|---|
| 008 | 240830s9999 xx 000 0 und d | ||
| 040 | |a BIBLIOTECA-RUPAP Mon 658.38 M433 | ||
| 041 | |a spa | ||
| 082 | |a Mon 658.38 M433 | ||
| 100 | 1 | |a Matamoro López, Marvin Francisco | |
| 100 | 1 | |b Hernández Cruz, Pablo José | |
| 100 | 1 | |c Gutiérrez Mena, Roger Jonathan | |
| 245 | 1 | 0 | |a Propuesta de manual de Higiene y seguridad ocupacional basado en la legislación vigente (Ley 618), para la empresa Nicaragüense de construcciones ENIC plantel Sébaco, Matagalpa |
| 260 | |a Managua |b UNI |c 2016 | ||
| 300 | |a 138 p. :il. | ||
| 500 | |a Contiene: anexos e Incluye: CD. | ||
| 502 | |a Tesis (Ingeniero Industrial)- UNI, 2016. | ||
| 520 | 3 | |a Presenta el diseño de una propuesta de manual de seguridad e higiene para prevenir eventos no deseados en las áreas de plantel Sébaco basado en la Ley 618. Realiza un mapa de riesgo laboral y plan de emergencia. Establece guías de procedimientos basado en las normativas de la Ley 618 en cuanto a equipos de protección personal, condiciones básicas en lugares de trabajo o cualquier situación que amerite la empresa y procedimientos en el tema de comisiones mixtas. | |
| 650 | 7 | |a HIGIENE Y SEGURIDAD OCUPACIONAL | |
| 650 | 7 | |b SEGURIDAD OCUPACIONAL | |
| 650 | 7 | |c RIESGOS PROFESIONALES | |
| 650 | 7 | |d RIESGOS LABORALES | |
| 650 | 7 | |e HIGIENE INDUSTRIAL | |
| 700 | 1 | |a Tutor: |b Cáceres Antón, Juan Agustín | |
| 942 | |c BK |2 ddc | ||
| 991 | |a TESIS | ||
| 999 | |c 17137 | ||